000 00768nam a22002057a 4500
005 20100816122916.0
010 _aENG-100504
020 _a9789380116358
_c75.00
035 _aEN-84037
037 _bDBAD/PUB
082 _a547.01
100 _aShanmuga Priya, M.
_913970
245 _aConformation and mechanism of carbon compounds /
_cby M.Shanmuga Priya
260 _aMadurai
_bRadha Publication
_c2009
270 _a4/167, mullai Street, Kurinchi Nagar, Reserve Line Post
_bMadurai
_e625014
300 _a119p.:
_c19cm (pbk)
_bill.
650 _aCarbon compound
_913971
942 _2ddc
_cEN
_h547.01
_mSHA
999 _c42109
_d42109